'Emotionen' und 'Heimat'
| Titel: | 'Emotionen' und 'Heimat' : konzeptuelle Metaphorik im öffentlich-politischen Sprachen über Flucht und Vertreibung = "Emotionen" ('emotions') and "Heimat" ('homeland') : conceptual metaphors in a speech about fleeing and displacement / Phillip Alexander Neumair |
|---|---|
| Verfasser: | |
| In: |
Studia Germanica Gedanensia, Band 47 (2022), Seite 40-53 alle Artikel anzeigen |
| Veröffentlicht: | 2022 |
| Format: | Aufsatz |
| Sprache: | Deutsch |
X
alg: 54111993
001A $04505:09-01-26
001B $03025:06-02-26 $t13:43:42.000
001D $04505:09-01-26
001U $0utf8
001X $00
002@ $0Aou
002C $aText $btxt $2rdacontent
002D $aohne Hilfsmittel zu benutzen $bn $2rdamedia
002E $aBand $bnc $2rdacarrier
003@ $0541119931
007A $0541119931 $aHEB
010@ $ager
010E $erda
011@ $a2022
021A $a'Emotionen' und 'Heimat' $dkonzeptuelle Metaphorik im öffentlich-politischen Sprachen über Flucht und Vertreibung $f"Emotionen" ('emotions') and "Heimat" ('homeland') $fconceptual metaphors in a speech about fleeing and displacement $hPhillip Alexander Neumair
028A $BVerfasser $4aut $8Neumair, Phillip Alexander [Tp3] $9493064613
031A $d47 $h40-53 $j2022
039B $aEnthalten in $8--Abvc--. Studia Germanica Gedanensia. - Gdańsk : Wydawnictwo Uniwersytetu Gdańskiego, 1993-. - ISSN 1230-6045 $x202200000470000960 $9048630276
044K $710281381-4 $8Emotionen [Tb1] $919951299X
044K $RVaterland $RHeimkehr $#Patrie $#Heimat $74024105-1 $8Heimat [Ts1] $9085059986
044K $RAuswanderung $RVertreibung $#Escapes $#Évasions $#Flucht $#Flucht $#Entweichen Flucht $#Entfliehen $74017598-4 $8Flucht [Ts1] $9085041114
044K $RFlucht $RUmsiedlung $#Forced migration $#Transferts de population $#Nettoyage ethnique $#Migración forzosa $#Vertreibung $#Ethnische Säuberung $#Vertreibung $#Zwangsumsiedlung/Deportation $#Zwangsumsiedlung $#Ethnische Säuberung $#Zwangsmigration $74063299-4 $8Vertreibung [Ts1] $9085177385
044K $#Language and languages $#Langage et langues $#Sprachen $74056449-6 $8Sprache [Ts1] $9085157090
045T $a7,20
045T $aLING $qDE-30 $2FID
045T $aGER $qDE-30 $2FID
045W $801.01.01$jDeutsch [Tkv] $9133070158
045W $803.16.11$jFlüchtlinge [Tkv] $9133097110
045W $803.30.16.001$jSlogan$vPolitik [Tkv] $9133122824
045W $803.30.18$jRede$vrhetor. [Tkv] $9133120058
045W $804.05.08.104$jPolitik$vlex. F. [Tkv] $9133118878
045W $803.21.12.016$jWortwahl [Tkv] $913309006X
045W $804.09.03.001$jKritische Diskursanalyse [Tkv] $9133082431
045W $804.10.11.007$jMetapher$vfigurative Sprache [Tkv] $9133115070
045W $804.05.08.147$jHeimat$vlex. F. [Tkv] $9460027514
045W $804.05.08.039$jAffekt$vlex. F. [Tkv] $9133092887
045W $803.30.07$jAffekt$vrhetor. [Tkv] $9133083845
045W $804.10.10.004$jSemantische Felder [Tkv] $9133074714
045W $803.33.01.011$jFrame theory [Tkv] $9133097870
lok: 54111993 64
101B $009-01-26 $t09:19:20.000
101C $009-01-26
101U $0utf8
144Z/01 $ap @Gauck, Joachim
exp: 54111993 64 1 #EPN
201B/01 $009-01-26 $t09:19:20.000
201C/01 $009-01-26
201U/01 $0utf8
203@/01 $01330979966
208@/01 $a09-01-26 $be
209A/01 $a0 $f000 $x00
209B/01 $a50 $x05
247C/01 $8Frankfurt, Bibliographie Linguistischer Literatur $9129368261
lok: 54111993 78
exp: 54111993 78 1 #EPN
201B/01 $006-02-26 $t13:37:31.000
201C/01 $006-02-26
201U/01 $0utf8
203@/01 $01333594445
208@/01 $a06-02-26 $be
209A/01 $a/ $f000 $x00
209A/01 $ab*p $x01
220C/01 $apgar
244Z/01 $#Generalgouvernement Polen $#Polska $#Rzeczpospolita Polska $#Polska Rzeczpospolita Ludowa $#Poland $#Pologne $#République Polonaise $#Generalne Gubernatorstwo w Polsce $#Polish People's Republic $#Polska Rzeczpospolita Polen $#PRL $#RP $#Polen Generalgouvernement $#Polska Generalgouvernement $#Besetzte Polnische Gebiete $#Besetztes Gebiet in Polen $#Okupowane Polskie Obszary $#Obszary Okupowane w Polsce $#Volksrepublik Polen $#Polska Rosyjska $#Republic Polen $#Respublika Pol'ša $#Pol'skaja Narodnaja Respublika $#République de Pologne $#Polen Links der Weichsel $#Polska po Lewej Stronie Wisły $#Lenkija $#Polija $#Gubernija Carstva Pol'skago $#Republik Polen $74046496-9 $8--Tg1--Polen $x01 $9085129801
244Z/01 $#Ostmitteleuropa $#Ostmitteleuropa $#Mitteleuropa, Ost $#Central Europe Ostmitteleuropa $#Mittelosteuropa $74075753-5 $8--Tg1--Ostmitteleuropa $x05 $9085214485
247C/01 $82080>Marburg/Lahn, Herder-Institut, Forschungsbibliothek, Bibliographieportal $9336309341
| LEADER | 00000caa a2200000 c 4500 | ||
|---|---|---|---|
| 001 | 541119931 | ||
| 003 | DE-603 | ||
| 005 | 20260206134342.0 | ||
| 007 | tu | ||
| 008 | 260109s2022 xx |||| | u00||u|ger c | ||
| 035 | |a (DE-599)HEB541119931 | ||
| 040 | |a DE-603 |b ger |c DE-603 |d DE-603 |e rda | ||
| 041 | |a ger | ||
| 084 | |a 7,20 |2 ssgn | ||
| 084 | |a LING |q DE-30 |2 fid | ||
| 084 | |a GER |q DE-30 |2 fid | ||
| 100 | 1 | |a Neumair, Phillip Alexander |e Verfasser |4 aut |0 (DE-603)493064613 |0 (DE-588)1255417439 |2 gnd | |
| 245 | 0 | 0 | |a 'Emotionen' und 'Heimat' |b konzeptuelle Metaphorik im öffentlich-politischen Sprachen über Flucht und Vertreibung = "Emotionen" ('emotions') and "Heimat" ('homeland') : conceptual metaphors in a speech about fleeing and displacement |c Phillip Alexander Neumair |
| 264 | 0 | |c 2022 | |
| 336 | |a Text |b txt |2 rdacontent | ||
| 337 | |a ohne Hilfsmittel zu benutzen |b n |2 rdamedia | ||
| 338 | |a Band |b nc |2 rdacarrier | ||
| 610 | 1 | 7 | |a Emotionen |2 gnd |0 (DE-588)10281381-4 |0 (DE-603)19951299X |
| 650 | 7 | |a Heimat |0 (DE-588)4024105-1 |0 (DE-603)085059986 |2 gnd | |
| 650 | 7 | |a Flucht |0 (DE-588)4017598-4 |0 (DE-603)085041114 |2 gnd | |
| 650 | 7 | |a Vertreibung |0 (DE-588)4063299-4 |0 (DE-603)085177385 |2 gnd | |
| 650 | 7 | |a Sprache |0 (DE-588)4056449-6 |0 (DE-603)085157090 |2 gnd | |
| 773 | 0 | 8 | |i Enthalten in |t Studia Germanica Gedanensia |d Gdańsk : Wydawnictwo Uniwersytetu Gdańskiego, 1993- |x 1230-6045 |g Band 47 (2022), Seite 40-53 |w (DE-603)048630276 |w (DE-600)1156508-1 |
| 924 | 0 | |9 603 |a (DE-603)1330979966 |b DE-603 |c HES |d d | |
| 924 | 0 | |9 2080 |a (DE-603)1333594445 |b DE-2080 |c HES |d d |g / | |


